Examination system in higher education of India / (Record no. 81196)

MARC details
000 -LEADER
fixed length control field 00651nam a22001937a 4500
005 - DATE AND TIME OF LATEST TRANSACTION
control field 20131217143817.0
010 ## - LCCN (DPL NO)
LC control number ENG-108848
020 ## - INTERNATIONAL STANDARD BOOK NUMBER
International Standard Book Number 9789381176573
Terms of availability 895.00
035 ## - SYSTEM CONTROL NUMBER
System control number EN-92381
037 ## - SOURCE OF ACQUISITION
Source of stock number/acquisition DBAD/PUB
082 ## - DEWEY DECIMAL CLASSIFICATION NUMBER
Classification number 378.54
100 ## - MAIN ENTRY--PERSONAL NAME
Personal name Mohapatra, Rajanikanta
245 ## - TITLE STATEMENT
Title Examination system in higher education of India /
Statement of responsibility, etc by Rajanikanta Mohapatra
260 ## - PUBLICATION, DISTRIBUTION, ETC. (IMPRINT)
Place of publication, distribution, etc New Delhi
Name of publisher, distributor, etc SSDN Publishers and Distributors
Date of publication, distribution, etc 2013
270 ## - ADDRESS
Address 5A, Sahni Mansion, Ansari Road Daryaganj
City New Delhi
Postal code 110002
300 ## - PHYSICAL DESCRIPTION
Extent xi,273p.
Dimensions 22cm(Hb)
500 ## - GENERAL NOTE
General note Includes bibliographical references and index
942 ## - ADDED ENTRY ELEMENTS (KOHA)
Source of classification or shelving scheme Dewey Decimal Classification
Item type English Books
Call number suffix MOH
Classification part 378.54
Holdings
Withdrawn status Lost status Not for loan Collection code Home library Current library Date acquired Source of acquisition Cost, normal purchase price Full call number Barcode Copy number Cost, replacement price Koha item type
    Not For Loan Non-fiction D.B.Act.Division D.B.Act.Division 17/12/2013 DBAD/PUB 895.00 378.54 MOH EN-92381 1 895.00 English Books

© Delhi Public Library
Hit Counter
free hit counter